Greek beasts and heroes : the silver chariot (Record no. 9136)

MARC details
000 -LEADER
fixed length control field 00769nam a22002177a 4500
003 - CONTROL NUMBER IDENTIFIER
control field OSt
005 - DATE AND TIME OF LATEST TRANSACTION
control field 20260316025051.0
008 - FIXED-LENGTH DATA ELEMENTS--GENERAL INFORMATION
fixed length control field 260316b |||||||| |||| 00| 0 eng d
020 ## - INTERNATIONAL STANDARD BOOK NUMBER
International Standard Book Number 978-1-44410-0069-6
040 ## - CATALOGING SOURCE
Original cataloging agency DWCL GS lib
Transcribing agency OC
082 ## - DEWEY DECIMAL CLASSIFICATION NUMBER
Edition number C652 2010
100 ## - MAIN ENTRY--PERSONAL NAME
Personal name COATS, LUCY
245 ## - TITLE STATEMENT
Title Greek beasts and heroes : the silver chariot
Statement of responsibility, etc. COATS, LUCY
260 ## - PUBLICATION, DISTRIBUTION, ETC.
Place of publication, distribution, etc. London
Name of publisher, distributor, etc. Orion House
Date of publication, distribution, etc. 2010
300 ## - PHYSICAL DESCRIPTION
Extent vii, 77 pages.
Dimensions 20cm.
520 ## - SUMMARY, ETC.
Summary, etc. Greek Beasts and Heroes: The Silver Chariot by Lucy Coats is the fifth book in a series where Atticus the Storyteller recounts tales of Greek mythology on his journey.
546 ## - LANGUAGE NOTE
Language note English
650 ## - SUBJECT ADDED ENTRY--TOPICAL TERM
Source of heading or term Symbolism
650 ## - SUBJECT ADDED ENTRY--TOPICAL TERM
Source of heading or term importance of obeying the wisdom of elders.
942 ## - ADDED ENTRY ELEMENTS (KOHA)
Source of classification or shelving scheme Dewey Decimal Classification
Koha item type Fiction
Classification part Fic.
Suppress in OPAC No

No items available.